Culture Générale - Série 2748 - Statistiques

Statistiques générales
  • Ce quiz a été pris 50 fois
  • Le résultat moyen est 5 sur 10
Statistiques - réponses
Question Réponse % Correct
Quel est le seul pays au monde à posséder une capitale qui commence par la lettre Z ? Croatie
84%
Dans quel pays du monde se situe l'imposant monolithe (3 km de long et plus de 9 km de circonférence) nommé Uluru ? voir photo Australie
77%
Dans quelle ville autrichienne se situe le château de Schönbrunn ? Vienne
75%
Quelle ville de Toscane a été la capitale d’Italie de 1865 à 1871 ? Florence
73%
Quel pays a pour capitale Achgabat ? Turkménistan
59%
Qui est connu comme fondateur de l'Académie française ? Richelieu
41%
Quel fruit pousse sur un arbuste nommé l’actinidia ? kiwi
30%
Sous quel nom connait-on mieux le pays appelé Bharat ? Inde
20%
Qui a écrit " Deux ans de vacances " en 1888 ? prénom et nom JUles Verne
16%
Qui a écrit le roman historique lvanhoé en 1819 et qui se déroule dans l'Angleterre médiévale ? Walter Scott
11%
Aucun quiz correspondant
Distribution des résultats
% des personnes avec chaque résultat
Percentile par nombre de réponses
Votre historique - résultats
Vous n’avez pas pris ce quiz